| 000 | 00497nam a2200205 a 4500 | ||
|---|---|---|---|
| 001 | BRCA_4048 | ||
| 005 | 20190320204527.0 | ||
| 008 | 150210s1917----mx-#######---#000-0#spa-# | ||
| 041 | _aspa | ||
| 044 | _amx | ||
| 050 | 4 |
_aPQ7297 _b.T67 1917 |
|
| 100 | 1 |
_aTorri, Julio _910505 |
|
| 245 | 1 | 0 |
_aEnsayos y poemas _cJulio Torri. |
| 260 |
_aMéxico _bPorrua Hermanos _c1917 |
||
| 300 |
_a166 p. _c16 cm |
||
| 500 | _aC124 | ||
| 650 | 1 | 4 |
_aLiteratura mexicana _910506 |
| 902 | _aGFM | ||
| 942 |
_2lcc _cB |
||
| 999 |
_c3772 _d3772 |
||